| 000 | 00574nam a2200181 i 4500 | ||
|---|---|---|---|
| 001 | 72087 | ||
| 003 | ES-MaACL | ||
| 005 | 20230906171324.0 | ||
| 007 | t| | ||
| 008 | 040825s1972 sp ||||1| spa d | ||
| 100 | 0 |
_aGil del Río, E. _956808 |
|
| 245 | 1 | 0 |
_aEcografía en Oftalmología / _cpor Emilio Gil de Río ; con un capítulo sobre ecografía de la órbita por Jacques Poujol. |
| 250 | _a[1ª ed.]. | ||
| 260 |
_aBarcelona : _bJims, _c[1972] |
||
| 300 |
_aXV, 303 p. : _bil. ; _c25 cm. |
||
| 700 | 1 |
_aPoujol, Jacques. _993433 |
|
| 852 |
_aES-MaACL _jC-48239 _bR.84106 |
||
| 999 |
_c72087 _d72087 |
||